书目信息 |
| 题名: |
农业昆虫学
|
|
| 作者: | ;西北农学院农业昆虫学教学组 编 | |
| 分册: | 下册 | |
| 出版信息: | 北京 人民教育出版社 1977 |
|
| 页数: | 325页 | |
| 开本: | 26cm | |
| 丛书名: | ||
| 单 册: | ||
| 中图分类: | S186 | |
| 科图分类: | ||
| 主题词: | 农业科学:昆虫学 , 昆虫学:农业科学 | |
| 电子资源: | ||
| ISBN: | ||
| 000 | 00674nam0 2200229 45 | |
| 001 | 0177002442 | |
| 005 | 20060812150635.17 | |
| 010 | @dCNY1.80 | |
| 100 | @a19951014d1977 em y0chiy0121 ea | |
| 101 | 0 | @achi |
| 102 | @aCN@b110000 | |
| 105 | @ay z 000yy | |
| 200 | 10 | @a农业昆虫学@Anong ye kun chong xue@h下册@f西北农学院农业昆虫学教学组编 |
| 210 | @a北京@c人民教育出版社@d1977 | |
| 215 | @a325页@d26cm | |
| 606 | @a农业科学:昆虫学 | |
| 606 | @a昆虫学:农业科学 | |
| 690 | @aS186@v3 | |
| 711 | 02 | @a西北农学院农业昆虫学教学组@Axi bei nong xue yuan nong ye kun chong xue jiao xue zu@4编 |
| 801 | 2 | @aCN@bNLC@c20060812 |
| 801 | 0 | @aCN@bTSSF |
| 905 | @a10447@dS186@e38:2 | |
| 农业昆虫学.下册/西北农学院农业昆虫学教学组编.-北京:人民教育出版社,1977 |
| 325页;26cm |
| ISBN :CNY1.80 |
| ● |
| 相关链接 |
|
|
|
|
正题名:农业昆虫学
索取号:S186/38:2
 
预约/预借
| 序号 | 登录号 | 条形码 | 馆藏地/架位号 | 状态 | 备注 |
| 1 | 0452397 | 204523970 | 密集书库/ [索取号:S186/38:2] | 在馆 |